Statistics for Orlando Magic 2017-18 Most Games Leading Team in Scoring

Click here to take the quiz!

General Stats

  • This quiz has been taken 45 times
  • The average score is 4 of 10

Answer Stats

PlayerGames% Correct
Aaron Gordon20
92%
Nikola Vucevic16
92%
Evan Fournier16
74%
Elfrid Payton7
55%
D.J. Augustin2
50%
Jonathon Simmons14
29%
Mario Hezonja9
18%
Shelvin Mack2
13%
Marreese Speights3
8%
Rodney Purvis2
8%

Score Distribution

Percentile by Number Answered

Percent of People with Each Score

Your Score History

You have not taken this quiz